Normal view
MARC view
Entry Topical Term
001 - CONTROL NUMBER
- control field: 1234429
003 - CONTROL NUMBER IDENTIFIER
- control field: OSt
005 - DATE AND TIME OF LATEST TRANSACTION
- control field: 20260409104142.0
008 - FIXED-LENGTH DATA ELEMENTS
- fixed length control field: 260409|| aca||aabn | a|a d
040 ## - CATALOGING SOURCE
- Original cataloging agency: OSt
- Transcribing agency: OSt
150 ## - HEADING--TOPICAL TERM
- Topical term or geographic name entry element: Hindus
- Geographic subdivision: India
- Geographic subdivision: Punjab
670 ## - SOURCE DATA FOUND
- Source citation: Work cat.: (OSt)1848138: Jones, Kenneth W., Arya dharm :, 2006
